000 00453nam a2200181Ia 4500
005 20250508151855.0
008 008 250505s9999 xx 000 0 eng d
037 _aTextual
040 _aFEDL
_beng
_cFEDL
041 _aeng
_2eng
084 _a371, JER
_qFEDL
100 _aJersild Arthur T
245 0 _aWhen teachers face themselves
260 _c1955
300 _ax,168p
942 _cTEXL
_h371, JER
999 _c1332631
_d1332631